| 000 | 00774nmc a2200289 a 4500 | ||
|---|---|---|---|
| 003 | AR-BaBNM | ||
| 005 | 20251128205806.0 | ||
| 008 | 178019s1994 ||||||||||||||000 | spa|| | ||
| 040 | _cAR-BaBNM | ||
| 100 | 1 | _aTesler, Mario | |
| 245 | 1 | 0 | _aLa obra oculta del Padre Furlong |
| 260 |
_aBuenos Aires _bEdiciones Theoría _c1994 |
||
| 300 | _a128 p. | ||
| 490 | 0 | _aEstrella Federal | |
| 500 | _aIndice temático p. 101-120 | ||
| 650 | 4 | _aHISTORIOGRAFIA | |
| 650 | 4 | _aHISTORIOGRAFIA ARGENTINA | |
| 650 | 4 | _aMETODO HISTORICO | |
| 650 | 4 | _aHISTORIOGRAFIA | |
| 650 | 4 | _aCULTURA | |
| 650 | 4 | _aESCRITURA HISTORICA | |
| 650 | 4 | _aINVESTIGACION HISTORICA | |
| 650 | 4 | _aANALISIS HISTORICO | |
| 800 | 1 |
_aChávez, fermín _edirector |
|
| 942 | _cBK | ||
| 998 | _cMariana | ||
| 999 |
_c12822 _d12822 |
||